| 000 | 00687nam0a22002291 4500 | ||
|---|---|---|---|
| 001 | rc\2743942 | ||
| 005 | 20250529142302.0 | ||
| 035 | _a(NLR Aleph) 006871045 | ||
| 090 |
_a6947639 _c6947639 |
||
| 100 | _a20110915d1939 |||y0rusy50 ca | ||
| 101 | 0 | _arus | |
| 102 | _aRU | ||
| 105 | _ay z ||||| | ||
| 200 | 1 |
_aЧерноголовский колхоз накануне выборов в местные советы _e[Ногин. р-н] |
|
| 210 |
_a[Москва] _cМоск. рабочий _d1939 |
||
| 215 |
_a32 с. _d19 см. |
||
| 700 | 1 |
_aСмирнов _bА.Н. |
|
| 801 | 0 |
_aRU _bNLR _gpsbo |
|
| 801 | 1 |
_aRU _bELAR _2rusmarc |
|
| 852 |
_aNLR _j39-10/5907 |
||
| 942 | _cBOOK | ||
| 980 | _aNB | ||